हिन्दू धर्म परिचय / (Record no. 122254)

MARC details
000 -LEADER
fixed length control field 00882nam a22002417a 4500
010 ## - LIBRARY OF CONGRESS CONTROL NUMBER
LC control number B-140194
020 ## - INTERNATIONAL STANDARD BOOK NUMBER
International Standard Book Number 8787182800
Terms of availability 200.00
035 ## - SYSTEM CONTROL NUMBER
System control number B-140194
037 ## - SOURCE OF ACQUISITION
Stock number Cen Lib/Ret
040 ## - CATALOGING SOURCE
Original cataloging agency DPL
Language of cataloging HN
082 ## - DEWEY DECIMAL CLASSIFICATION NUMBER
Classification number 230
Item number गुप्तत
100 ## - MAIN ENTRY--PERSONAL NAME
Personal name गुप्त, तन्न्सुखराम
245 ## - TITLE STATEMENT
Title हिन्दू धर्म परिचय /
Statement of responsibility, etc तन्न्सुखराम गुप्त
246 ## - VARYING FORM OF TITLE
Title proper/short title Hindu Dharm parichye /
Remainder of title by Tansukhram Gupt
260 ## - PUBLICATION, DISTRIBUTION, ETC. (IMPRINT)
Place of publication, distribution, etc दिल्ली
Name of publisher, distributor, etc सूर्य भारती प्रकाशन
Date of publication, distribution, etc 2004
270 ## - ADDRESS
Address 2496, नई सड़क
City दिल्ली
Postal code 110006
300 ## - PHYSICAL DESCRIPTION
Extent 267p.
Other physical details 22cm(सजिल्द)
650 ## - SUBJECT ADDED ENTRY--TOPICAL TERM
Topical term or geographic name as entry element धर्म--हिन्दू
650 ## - SUBJECT ADDED ENTRY--TOPICAL TERM
Topical term or geographic name as entry element धर्म
650 ## - SUBJECT ADDED ENTRY--TOPICAL TERM
Topical term or geographic name as entry element Religion--hindu
650 ## - SUBJECT ADDED ENTRY--TOPICAL TERM
Topical term or geographic name as entry element Religion
942 ## - ADDED ENTRY ELEMENTS (KOHA)
Source of classification or shelving scheme Dewey Decimal Classification
Koha item type Hindi Books
Classification part 230
Holdings
Withdrawn status Lost status Damaged status Not for loan Home library Current library Date acquired Source of acquisition Cost, normal purchase price Total Checkouts Full call number Barcode Date last seen Date checked out Copy number Cost, replacement price Price effective from Koha item type
        Central Library Central Library 10/03/2016 Cen Lib/Ret 200.00 2 230 गुप्तत B-140194 21/09/2017 20/09/2017 1 200.00 10/03/2016 Hindi Books

© Delhi Public Library
Hit Counter
free hit counter